ბათუმის შოთა რუსთაველის სახელმწიფო უნივერსიტეტის ბიბლიოთეკა

ხელოვნების ფილოსოფია / (ბიბ.ჩანაწერი № 59917)

000 -ლიდერი
ფიქსირებული სიგრძის საკონტროლო ველი 00984nam a22002177a 4500
003 - საკონტროლო ნომრის იდენტიფიკატორი
საკონტროლო ველი Ge_BSU
005 - ბოლო ოპერაციის თარიღი და დრო
საკონტროლო ველი 20230510143931.0
008 - ფიქსირებული სიგრძის მონაცემთა ელემენტები - ზოგადი ინფორმაცია
ფიქსირებული სიგრძის საკონტროლო ველი 230510s1990 ge ||||| |||| 00| 0 geo d
041 ## - ენის კოდი
Language code of text/sound track or separate title geo
080 ## - უნივერსალური ათობითი კლასიფიკაციის ინდექსი
Universal Decimal Classification number 7.01+1(44) ტ-46
100 ## - მთავარი ჩანაწერი - პიროვნების სახელი
Personal name ტენი, იპოლიტ
9 (RLIN) 18071
245 ## - ცნობა სათაურის შესახებ
Title ხელოვნების ფილოსოფია /
Statement of responsibility, etc იპოლიტ ტენი ; [ფრანგ. თარგმნა ივ. მაჭავარიანმა].
264 ## - წარმოების, გამოცემის, დისტრიბუციის და სხვა ცნობები
გამოცემის, წარმოების, დისტრიბუციის... ადგილი თბილისი :
გამოცემის, წარმოების, დისტრიბუციის... სახელწოდება საქართველო,
გამოცემის, წარმოების, დისტრიბუციის... თარიღი 1990.
300 ## - ფიზიკური აღწერა
Extent 80 გვ. ;
Other physical details 20 სმ.
504 ## - BIBLIOGRAPHY, ETC. NOTE
Bibliography, etc შენიშვნები: გვ. 73-78
653 ## - INDEX TERM--UNCONTROLLED
Uncontrolled term ხელოვნების ფილოსოფია
653 ## - INDEX TERM--UNCONTROLLED
Uncontrolled term ფრანგული ფილოსოფია
653 ## - INDEX TERM--UNCONTROLLED
Uncontrolled term ფრანგული ესთეტიკა
700 ## - ADDED ENTRY--PERSONAL NAME
Personal name მაჭავარიანი, ივ.
Relator term მთარგმნელი
9 (RLIN) 18072
942 ## - ADDED ENTRY ELEMENTS (KOHA)
Source of classification or shelving scheme
Koha item type წიგნი
ეგზემპლარები
ჩამოწერის სტატუსი დაკარგული ეგზემპლარის სტატუსი კლასიფიკაციის წყარო ან თაროზე გაწყობის სქემა დაზიანების სტატუსი არ გაიცემა მუდმივი მდებარეობა (დაცვის ადგილი) ამჟამინდელი ადგილსამყოფელი თაროზე განთავსების ადგილი შეძენის თარიღი ღირებულება, შესყიდვის ნორმალური ფასი სრული შენახვის შიფრი შტრიხკოდი ბოლო ოპერაციის თარიღი ეგზემპლარის მიმდევრობითი ნომერი (კეტერი?) Uniform Resource Identifier ფასის ძალაში შესვლის თარიღი ეგზემპლარის სახეობა საჯარო შენიშვნა
          ბათუმის შოთა რუსთაველის სახელმწიფო უნივერსიტეტის მთავარი ბიბლიოთეკა ბათუმის შოთა რუსთაველის სახელმწიფო უნივერსიტეტის მთავარი ბიბლიოთეკა წიგნსაცავი 2023-05-10 3.00 7.01+1(44) ტ-46 64394 2023-05-10 64394 ბსუ-ს საპატიო დოქტორის გურამ ლორთქიფანიძის საჩუქარი 2023-05-10 წიგნი 3 ლ.